| 000 | 00900nam a2200265 a 4500 | ||
|---|---|---|---|
| 001 | 54476 | ||
| 003 | BD-RJUL | ||
| 005 | 20211209080128.0 | ||
| 008 | 161107s1955 enk 001 0 eng c | ||
| 035 | _a(BD-RJUL) | ||
| 040 |
_aRochester. Univ. Libr _cVLW _dm.c _dBD-RJUL _beng |
||
| 041 | _aeng | ||
| 082 |
_223 _bALH 1955 _a822.33 |
||
| 100 | 1 |
_aAlexander, Peter _d1893-1969 _9162538 |
|
| 245 | 1 | 0 |
_aHamlet : _bfather and son / _cPetter Alexander |
| 260 |
_aOxford : _bAt The Clarendon Press, _c1955 |
||
| 300 |
_avii, 189 p. ; _c20 cm. |
||
| 490 | 1 |
_aThe Lord Northcliffe lectures University College, London ; _v1953 |
|
| 500 | _aIncludes index | ||
| 600 | 1 | 0 |
_aShakespeare, William _d1564-1616 _xHamlet _9162539 |
| 650 |
_aHamlet (Shakespeare, William) _9119580 |
||
| 830 | 0 |
_aThe Lord Northcliffe lectures University College, London ; _v1953 _9162540 |
|
| 942 |
_2ddc _cBK |
||
| 999 |
_c54476 _d54476 |
||